| LEADER | 00466nam a2200193Ia 4500 | ||
|---|---|---|---|
| 001 | CTU_114318 | ||
| 008 | 210402s9999 xx 000 0 und d | ||
| 082 | |a 952.033 | ||
| 082 | |b L613 | ||
| 100 | |a LeQequiller, Jean | ||
| 245 | 0 | |a Le Japon | |
| 245 | 0 | |c Jean LeQequiller | |
| 260 | |a Paris | ||
| 260 | |b Éditions Sirey | ||
| 260 | |c 1966 | ||
| 650 | |a Japan | ||
| 650 | |x History | ||
| 904 | |i Giang | ||
| 980 | |a Trung tâm Học liệu Trường Đại học Cần Thơ | ||